ՀՀ Գիտությունների ազգային ակադեմիայի հիմնարար գիտական գրադարան  =   Fundamental Scientific Library of NAS RA

Խաղացողը : (Record no. 418493)

MARC details
000 -LEADER
fixed length control field 01240nam a2200253 a 4500
003 - CONTROL NUMBER IDENTIFIER
control field AM-YeHGA
005 - DATE AND TIME OF LATEST TRANSACTION
control field 20250617154731.0
008 - FIXED-LENGTH DATA ELEMENTS--GENERAL INFORMATION
fixed length control field 180809s2018 ai o||||r|||| 00||0barm||
020 ## - INTERNATIONAL STANDARD BOOK NUMBER
International Standard Book Number 9789939752532
040 ## - CATALOGING SOURCE
Original cataloging agency AM-YeHGA
041 1# - LANGUAGE CODE
Language code of text/sound track or separate title arm
Language code of original eng
090 ## - LOCALLY ASSIGNED LC-TYPE CALL NUMBER (OCLC); LOCAL CALL NUMBER (RLIN)
-- 420883
100 1# - MAIN ENTRY--PERSONAL NAME
Personal name Ռեմփել, Ուիլյամ Չ.
245 10 - TITLE STATEMENT
Title Խաղացողը :
Remainder of title Թե ինչպես անփող, թերուս Քըրք Քըրքորյանը դարձավ կապիտալիստական աշխարհի խոշորագույն գործարարը /
Statement of responsibility, etc. Ու.Չ. Ռեմփել ; Թարգմանիչներ՝ Ա. Միրզոյան, Ա. Միրզոյան ; [Խմբագիր՝ Գ. Հովհաննիսյան].
260 ## - PUBLICATION, DISTRIBUTION, ETC.
Place of publication, distribution, etc. Երևան :
Name of publisher, distributor, etc. Էդիթ պրինտ,
Date of publication, distribution, etc. 2018
300 ## - PHYSICAL DESCRIPTION
Extent 422 էջ :
Other physical details լուսանկ. ;
Dimensions 24 սմ.
600 14 - SUBJECT ADDED ENTRY--PERSONAL NAME
Personal name Քըրքորյան, Քըրք
Dates associated with a name 1917-2015
Form subdivision Կեսագրություն
650 14 - SUBJECT ADDED ENTRY--TOPICAL TERM
Topical term or geographic name entry element Ամերիկյան գրականություն
General subdivision Հուշագրություն
650 14 - SUBJECT ADDED ENTRY--TOPICAL TERM
Topical term or geographic name entry element Հայ բարեգործներ
700 1# - ADDED ENTRY--PERSONAL NAME
Personal name Միրզոյան, Ալինա
Relator term թարգմանիչ
Relationship trl
700 1# - ADDED ENTRY--PERSONAL NAME
Personal name Միրզոյան, Աննա
Relator term թարգմանիչ
Relationship trl
700 1# - ADDED ENTRY--PERSONAL NAME
Personal name Հովհաննիսյան, Գալյա
Relator term խմբագիր
Relationship edt
942 ## - ADDED ENTRY ELEMENTS (KOHA)
Source of classification or shelving scheme Universal Decimal Classification
Koha item type Գրքեր / Books
Holdings
Withdrawn status Lost status Source of classification or shelving scheme Damaged status Not for loan Collection Home library Current library Date acquired Total checkouts Full call number Barcode Date last seen Price effective from Koha item type Public note
    Universal Decimal Classification     General Fundamental Scientific Library Fundamental Scientific Library 17/12/2018   AII/104042 FL0534405 17/12/2018 17/12/2018 Գրքեր / Books 30 Days Loan


ՀՀ ԳԱԱ հիմնարար գիտական գրադարան
ՀՀ,Երևան 0019
Մարշալ Բաղրամյան 24/6
հեռախոս:(374-10) 52-47-50
Հետադարձ կապ

All site content, except where otherwise noted, is licensed under a
Creative Commons License